000 00857nam a2200229Ii 4500
003 JO-AjNU
008 230605s9999||||xx |||||||||||||| ||und||
017 _a2008/6/1588
020 _a978-9957-16-344-0
040 _aJO-AjNU
_bara
_erda
_cJO-AjNU
041 _aara
050 1 4 _aKMM48.3.M377.2016
100 3 _a المصري، محمد وليد ,
_eauthor
_950773
245 0 0 _aالوجيز في شرح القانون الدولي الخاص " دراسة مقارنة للتشريعات العربية والقانون الفرنسي "
250 _aط3
264 3 1 _aعمان : دار الثقافة ، 2016
300 _a397ص
_bيشتمل على المراجع ص ( 389 - 397 )
336 _atext
_btxt
_2rdacontent
337 _aunmediated
_bn
_2rdamedia
338 _avolume
_bnc
_2rdacarrier
650 4 _aالقانون الدولي
_950774
999 _aA22386
_c25954
_d25954